[Event "POR-chT"]
[Site "Penafiel"]
[Date "2020.08.28"]
[Round "9.1"]
[White "Loeffler, Stefan"]
[Black "Ferreno Sanmartin, Angel"]
[Result "1/2-1/2"]
[WhiteElo "2349"]
[BlackElo "2192"]
[PlyCount "68"]
[EventDate "2020.08.22"]
[EventType "team-tourn"]
[EventRounds "9"]
[EventCountry "POR"]
[SourceTitle "CBM 198 Extra"]
[Source "ChessBase"]
[SourceDate "2020.11.30"]
[SourceVersion "1"]
[SourceVersionDate "2020.11.30"]
[SourceQuality "1"]
[WhiteTeam "Amadora"]
[BlackTeam "Amanha da Crianca"]
[WhiteTeamCountry "POR"]
[BlackTeamCountry "POR"]

1. d4 Nf6 2. c4 g6 3. f3 e6 4. Nc3 d5 5. Bg5 Be7 6. Qd2 b6 7. e4 Bb7 8. cxd5 exd5 9. e5 Nfd7 10. Bh6 Nf8 11. f4 Qd7 12. 0-0-0 Nc6 13. g3 Bc8 14. Bg2 Bb4 15. Nge2 Ne7 16. a3 Bxc3 17. Nxc3 c6 18. Bg7 Rg8 19. Bf6 b5 20. g4 a5 21. f5 gxf5 22. gxf5 b4 23. Na4 bxa3 24. Bh3 Qb7 25. Qc3 axb2+ 26. Kb1 Bxf5+ 27. Bxf5 Nxf5 28. Rhf1 Ng7 29. Rf2 Qb5 30. Qa3 Qb4 31. Qa2 Qc4 32. Qa3 Qb4 33. Qa2 Qc4 34. Qa3 Qb4 1/2-1/2

[Event "Sanxenxo Carlos op 11th"]
[Site "Sanxenxo"]
[Date "2019.06.30"]
[Round "9"]
[White "Ferreno Sanmartin, Angel"]
[Black "Laiz Ibanez, Hector"]
[Result "1-0"]
[WhiteElo "2099"]
[BlackElo "2268"]
[PlyCount "67"]
[EventDate "2019.06.22"]
[EventType "swiss"]
[EventRounds "9"]
[EventCountry "ESP"]
[SourceTitle "CBM 191 Extra"]
[Source "ChessBase"]
[SourceDate "2019.09.30"]
[SourceVersion "1"]
[SourceVersionDate "2019.09.30"]
[SourceQuality "1"]

1. e4 c5 2. Nf3 d6 3. d4 cxd4 4. Nxd4 Nf6 5. Nc3 a6 6. Bg5 Nbd7 7. Bc4 Qa5 8. Qd2 e6 9. f3 h6 10. Bh4 b5 11. Bb3 Bb7 12. 0-0-0 Be7 13. Bf2 Rc8 14. g4 b4 15. Nce2 d5 16. h4 Nc5 17. g5 Nxb3+ 18. Nxb3 Qxa2 19. gxf6 Bxf6 20. e5 Bxe5 21. Bd4 Qxb3 22. Bxe5 f6 23. Kb1 Qc4 24. b3 Qb5 25. Bb2 e5 26. Rhg1 Rc7 27. f4 d4 28. fxe5 fxe5 29. Nxd4 exd4 30. Qxd4 Rd7 31. Qxd7+ Qxd7 32. Rxd7 Kxd7 33. Rxg7+ Kc8 34. Rxb7 1-0

[Event "Sanxenxo Carlos op 11th"]
[Site "Sanxenxo"]
[Date "2019.06.25"]
[Round "4"]
[White "Ferreno Sanmartin, Angel"]
[Black "Roldan Marques, Daniel"]
[Result "1/2-1/2"]
[WhiteElo "2099"]
[BlackElo "2160"]
[PlyCount "63"]
[EventDate "2019.06.22"]
[EventType "swiss"]
[EventRounds "9"]
[EventCountry "ESP"]
[SourceTitle "CBM 191 Extra"]
[Source "ChessBase"]
[SourceDate "2019.09.30"]
[SourceVersion "1"]
[SourceVersionDate "2019.09.30"]
[SourceQuality "1"]

1. e4 e6 2. d4 d5 3. Nc3 Nf6 4. e5 Nfd7 5. f4 c5 6. Nf3 Nc6 7. Be3 Qb6 8. Na4 Qa5+ 9. c3 cxd4 10. b4 Nxb4 11. cxb4 Bxb4+ 12. Bd2 Bxd2+ 13. Nxd2 b5 14. Nb2 0-0 15. Be2 Nb6 16. 0-0 Qc3 17. Rf3 d3 18. Nxd3 Qd4+ 19. Kh1 Nc4 20. Nb3 Qb6 21. Nf2 a5 22. Ng4 a4 23. Nd4 b4 24. Rh3 Rd8 25. Qd3 h6 26. Rg3 Kh8 27. Qd1 Nb2 28. Qd2 Nc4 29. Qd1 Nb2 30. Qg1 Bd7 31. Rb1 a3 32. Nb3 1/2-1/2

[Event "Pontevedra op-A 6th"]
[Site "Pontevedra"]
[Date "2018.08.09"]
[Round "2"]
[White "Ferreno Sanmartin, Angel"]
[Black "Silva, Luis Neves Da"]
[Result "0-1"]
[WhiteElo "2050"]
[BlackElo "2374"]
[PlyCount "138"]
[EventDate "2018.08.08"]
[EventType "swiss"]
[EventRounds "9"]
[EventCountry "ESP"]
[SourceTitle "EXT 2021"]
[Source "ChessBase"]
[SourceDate "2020.10.23"]
[SourceVersion "1"]
[SourceVersionDate "2020.10.23"]
[SourceQuality "1"]

1. e4 e5 2. Nf3 Nc6 3. Bb5 a6 4. Ba4 Nf6 5. 0-0 Be7 6. Re1 b5 7. Bb3 d6 8. c3 0-0 9. h3 Re8 10. d4 Bb7 11. Nbd2 Bf8 12. Bc2 g6 13. d5 Nb8 14. a4 Nbd7 15. Nf1 c6 16. dxc6 Bxc6 17. a5 Qc7 18. Ng3 Qb7 19. Bg5 h6 20. Bd2 Nc5 21. Qb1 Rad8 22. b4 Ne6 23. Qc1 Kh7 24. Nh2 Bg7 25. Ng4 Nxg4 26. hxg4 Nf4 27. f3 Qe7 28. Ne2 Ne6 29. Bb3 Rh8 30. Be3 Bf6 31. Qd2 Kg7 32. g3 h5 33. gxh5 Rxh5 34. Kg2 Ng5 35. Bxg5 Bxg5 36. Qd3 Qb7 37. Bd5 Bxd5 38. exd5 Qa7 39. Rh1 Rxh1 40. Rxh1 Qe3 41. Qxe3 Bxe3 42. Rd1 Rc8 43. Rd3 Bg5 44. f4 Bf6 45. Kf3 Rc4 46. Re3 Kf8 47. Re4 Rc8 48. Re3 Bg7 49. Ke4 f5+ 50. Kd3 Ke7 51. Kc2 Rc4 52. Nd4 Kd7 53. Ne6 Bh6 54. Rf3 Ke7 55. Rf2 exf4 56. gxf4 Kf6 57. Kd3 g5 58. Rh2 Kg6 59. fxg5 Bxg5 60. Rg2 Rg4 61. Rxg4 fxg4 62. Nc7 g3 63. Ke2 Kf5 64. Nxa6 Ke4 65. Nc5+ dxc5 66. a6 g2 67. Kf2 g1Q+ 68. Kxg1 cxb4 69. d6 bxc3 0-1

[Event "Sanxenxo Carlos op 10th"]
[Site "Sanxenxo"]
[Date "2018.06.23"]
[Round "8"]
[White "Martin Fuentes, Alberto"]
[Black "Ferreno Sanmartin, Angel"]
[Result "1-0"]
[WhiteElo "2404"]
[BlackElo "1967"]
[PlyCount "45"]
[EventDate "2018.06.16"]
[EventType "swiss"]
[EventRounds "9"]
[EventCountry "ESP"]
[SourceTitle "CBM 185 Extra"]
[Source "ChessBase"]
[SourceDate "2018.07.29"]
[SourceVersion "1"]
[SourceVersionDate "2018.07.29"]
[SourceQuality "1"]

1. e4 c5 2. d3 Nc6 3. g3 g6 4. Bg2 Bg7 5. Ne2 e6 6. c3 Nge7 7. Be3 b6 8. Qd2 d5 9. d4 cxd4 10. Nxd4 Ne5 11. Qe2 Bb7 12. Nd2 0-0 13. 0-0 dxe4 14. Nxe4 Nd5 15. Bg5 f6 16. Nxe6 Qe7 17. Nxf8 fxg5 18. f4 gxf4 19. gxf4 Nf7 20. Ng3 Qc5+ 21. Kh1 Rxf8 22. c4 Ba6 23. Bxd5 1-0

[Event "Mondariz Balneario Cemar op 4th"]
[Site "Mondariz"]
[Date "2017.08.22"]
[Round "8"]
[White "Ferreno Sanmartin, Angel"]
[Black "Larino Nieto, David"]
[Result "0-1"]
[WhiteElo "1931"]
[BlackElo "2491"]
[PlyCount "60"]
[EventDate "2017.08.16"]
[EventType "swiss"]
[EventRounds "9"]
[EventCountry "ESP"]
[SourceTitle "CBM 180 Extra"]
[Source "ChessBase"]
[SourceDate "2017.10.06"]
[SourceVersion "1"]
[SourceVersionDate "2017.10.06"]
[SourceQuality "1"]

1. e4 c6 2. d4 d5 3. Nc3 g6 4. e5 Bg7 5. f4 Nh6 6. Nf3 Bg4 7. Be2 e6 8. Be3 Nd7 9. Qd2 a6 10. h3 Bxf3 11. Bxf3 Nf5 12. g4 Nxe3 13. Qxe3 Qh4+ 14. Qf2 Qxf2+ 15. Kxf2 c5 16. dxc5 Nxc5 17. Rhe1 Rc8 18. Kg3 Nd7 19. g5 h6 20. h4 h5 21. Be2 Bf8 22. Bd3 Bb4 23. Rab1 Nc5 24. Red1 Bxc3 25. bxc3 b5 26. Ra1 Ke7 27. Kf3 Na4 28. Re1 Rxc3 29. Rab1 Ra3 30. Ra1 Rc8 0-1

[Event "Gallego-ch U14"]
[Site "Viveiro"]
[Date "2017.02.28"]
[Round "8"]
[White "Ferreno Sanmartin, Angel"]
[Black "Rodriguez Ferreiros, Andres"]
[Result "1-0"]
[WhiteElo "1918"]
[BlackElo "1734"]
[PlyCount "53"]
[EventDate "2017.02.25"]
[EventType "swiss"]
[EventRounds "8"]
[EventCountry "ESP"]
[SourceTitle "EXT 2024"]
[Source "ChessBase"]
[SourceDate "2023.10.10"]
[SourceVersion "1"]
[SourceVersionDate "2023.10.10"]
[SourceQuality "1"]

1. e4 c5 2. Nf3 Nc6 3. d4 cxd4 4. Nxd4 g6 5. c4 Bg7 6. Be3 Nf6 7. Nc3 d6 8. Be2 0-0 9. 0-0 Bd7 10. Rc1 Rc8 11. b3 h5 12. h3 a6 13. f4 Nh7 14. Bf3 Nxd4 15. Bxd4 Bc6 16. Bxg7 Kxg7 17. Qd4+ Kg8 18. Rcd1 Qc7 19. Rde1 Rfe8 20. Qe3 e6 21. e5 Bxf3 22. Rxf3 dxe5 23. fxe5 Qc5 24. Qxc5 Rxc5 25. Ne4 Rc7 26. Rd1 Nf8 27. Nf6+ 1-0

[Event "Gallego-ch U14"]
[Site "Viveiro"]
[Date "2017.02.25"]
[Round "1"]
[White "Reza Salgado, Marcos"]
[Black "Ferreno Sanmartin, Angel"]
[Result "0-1"]
[WhiteElo "1311"]
[BlackElo "1918"]
[PlyCount "54"]
[EventDate "2017.02.25"]
[EventType "swiss"]
[EventRounds "8"]
[EventCountry "ESP"]
[SourceTitle "EXT 2024"]
[Source "ChessBase"]
[SourceDate "2023.10.10"]
[SourceVersion "1"]
[SourceVersionDate "2023.10.10"]
[SourceQuality "1"]

1. d4 d5 2. c4 c6 3. Nc3 Nf6 4. Bf4 e6 5. e3 Bd6 6. Bg3 Bxg3 7. hxg3 Nbd7 8. Nf3 Qe7 9. cxd5 exd5 10. Be2 0-0 11. 0-0 Ne4 12. Nd2 f5 13. Ndxe4 fxe4 14. Qd2 Qg5 15. b4 Nf6 16. b5 Bg4 17. bxc6 bxc6 18. Rac1 Qh5 19. f3 exf3 20. Bxf3 Rae8 21. Ne2 Rc8 22. Nf4 Qg5 23. Qe2 Bxf3 24. Rxf3 Ng4 25. Ne6 Qh5 26. Rxf8+ Rxf8 27. Nxf8 Qh2+ 0-1

[Event "Benidorm op U2000 15th"]
[Site "Benidorm"]
[Date "2016.12.09"]
[Round "9"]
[White "Alnami, Salaheddin"]
[Black "Ferreno Sanmartin, Angel"]
[Result "1-0"]
[WhiteElo "1954"]
[BlackElo "1759"]
[PlyCount "65"]
[EventDate "2016.12.02"]
[EventType "swiss"]
[EventRounds "10"]
[EventCountry "ESP"]
[SourceTitle "EXT 2019"]
[Source "ChessBase"]
[SourceDate "2018.10.10"]
[SourceVersion "1"]
[SourceVersionDate "2018.10.10"]
[SourceQuality "1"]

1. e4 c5 2. Nc3 Nc6 3. f4 e6 4. Nf3 d5 5. Bb5 Nge7 6. d3 a6 7. Bxc6+ Nxc6 8. 0-0 d4 9. Ne2 Be7 10. a3 0-0 11. Kh1 f6 12. Qe1 b6 13. g4 Bb7 14. f5 exf5 15. gxf5 Ne5 16. Nf4 Rf7 17. Ne6 Qb8 18. Bf4 Nxf3 19. Rxf3 Bd6 20. Qh4 Bxf4 21. Nxf4 h6 22. Rg1 Kh8 23. Qh5 Qg8 24. Rfg3 Rd7 25. Ne6 Qf7 26. Rg6 Rg8 27. R1g4 Re7 28. Rh4 Bc8 29. Nf4 Ra7 30. Rxh6+ gxh6 31. Qxh6+ Qh7 32. Qxf6+ Rgg7 33. Ng6+ 1-0

[Event "Mondariz Balneario op 3rd"]
[Site "Mondariz Balneario"]
[Date "2016.08.21"]
[Round "6.3"]
[White "Espineira Gonzalez, Diego Adrian"]
[Black "Ferreno Sanmartin, Angel"]
[Result "1-0"]
[WhiteElo "2395"]
[BlackElo "1759"]
[PlyCount "91"]
[EventDate "2016.08.17"]
[EventType "swiss"]
[EventRounds "9"]
[EventCountry "ESP"]
[SourceTitle "EXT 2024"]
[Source "ChessBase"]
[SourceDate "2023.10.10"]
[SourceVersion "1"]
[SourceVersionDate "2023.10.10"]
[SourceQuality "1"]

1. d4 d5 2. c4 c6 3. e3 Nf6 4. b3 Bf5 5. Bd3 Bxd3 6. Qxd3 e6 7. Nf3 Nbd7 8. 0-0 Bd6 9. Bb2 0-0 10. Nbd2 Re8 11. e4 dxe4 12. Nxe4 Nxe4 13. Qxe4 h6 14. Rad1 Nf6 15. Qd3 Be7 16. Ne5 Nd7 17. f4 Nxe5 18. fxe5 Qb6 19. Kh1 Rad8 20. Rf4 Rf8 21. Rdf1 Rd7 22. h4 Qd8 23. Qg3 f5 24. exf6 Bxf6 25. d5 Bxb2 26. Rxf8+ Qxf8 27. Rxf8+ Kxf8 28. Qf3+ Rf7 29. Qe2 Bf6 30. dxe6 Rc7 31. Qf2 Ke7 32. Qf5 c5 33. g4 Bxh4 34. Qe5 Kd8 35. Kg2 Bf6 36. Qd6+ Kc8 37. Kf3 Be7 38. Qd5 Bf6 39. Ke4 Kb8 40. Qh5 b6 41. Kd5 Kb7 42. Qg6 Re7 43. Kd6 Rc7 44. Qf7 Bd8 45. Qxc7+ Bxc7+ 46. Kd7 1-0

[Event "Galego-ch U14"]
[Site "Viveiro"]
[Date "2016.02.09"]
[Round "8.6"]
[White "Diaz Gomez, Mateo"]
[Black "Ferreno Sanmartin, Angel"]
[Result "0-1"]
[WhiteElo "1367"]
[BlackElo "1725"]
[PlyCount "84"]
[EventDate "2016.02.06"]
[EventType "swiss"]
[EventRounds "8"]
[EventCountry "ESP"]
[SourceTitle "EXT 2024"]
[Source "ChessBase"]
[SourceDate "2023.10.10"]
[SourceVersion "1"]
[SourceVersionDate "2023.10.10"]
[SourceQuality "1"]

1. e4 c5 2. d4 cxd4 3. c3 dxc3 4. Nxc3 d6 5. Nf3 e6 6. Bc4 Be7 7. 0-0 Nf6 8. Qe2 a6 9. Rd1 Qc7 10. Bf4 e5 11. Bg5 Nbd7 12. Rac1 Qb8 13. Nh4 h6 14. Bxf6 Nxf6 15. Nf3 0-0 16. h3 b5 17. Bd5 Bb7 18. Qe3 Bxd5 19. Nxd5 Nxd5 20. Rxd5 Qb7 21. Rcd1 Rfd8 22. Qb3 Qc6 23. Qb4 Qc7 24. R1d3 a5 25. Qxb5 Rdb8 26. Rc3 Qxc3 27. Qxb8+ Rxb8 28. bxc3 Rb1+ 29. Kh2 Rb2 30. Rxa5 Rxf2 31. Ra8+ Kh7 32. a4 Re2 33. a5 Rxe4 34. Nxe5 dxe5 35. a6 Ra4 36. a7 Bc5 37. c4 Rxa7 38. Rxa7 Bxa7 39. Kg3 f5 40. Kf3 Kg6 41. g3 Kf6 42. g4 e4+ 0-1

[Event "Galego-ch U14"]
[Site "Viveiro"]
[Date "2016.02.08"]
[Round "6.4"]
[White "Gomez Carreno, Martin"]
[Black "Ferreno Sanmartin, Angel"]
[Result "1-0"]
[WhiteElo "1868"]
[BlackElo "1725"]
[PlyCount "107"]
[EventDate "2016.02.06"]
[EventType "swiss"]
[EventRounds "8"]
[EventCountry "ESP"]
[SourceTitle "EXT 2024"]
[Source "ChessBase"]
[SourceDate "2023.10.10"]
[SourceVersion "1"]
[SourceVersionDate "2023.10.10"]
[SourceQuality "1"]

1. d4 Nf6 2. Bg5 e6 3. e4 h6 4. Bxf6 Qxf6 5. Nf3 g6 6. Nc3 d6 7. Bc4 Bg7 8. 0-0 0-0 9. e5 Qd8 10. Qe2 d5 11. Bd3 Nd7 12. Nd1 c5 13. c3 c4 14. Bc2 b5 15. a3 Rb8 16. Ne3 a5 17. Qd2 Kh7 18. h4 b4 19. axb4 axb4 20. cxb4 Qe7 21. h5 Qxb4 22. hxg6+ fxg6 23. Qe2 Rh8 24. Nh4 Nf8 25. Qg4 Bd7 26. Nxg6 Nxg6 27. Qxg6+ Kg8 28. Ng4 Qe7 29. Ra7 Be8 30. Nf6+ Kf8 31. Rxe7 Bxg6 32. Rc7 Bxf6 33. Bxg6 Be7 34. f4 Rxb2 35. f5 exf5 36. Rxf5+ Kg7 37. Bh5 Rf8 38. Rxe7+ Kg8 39. Rxf8+ Kxf8 40. Re8+ Kg7 41. Rc8 Rb1+ 42. Kh2 Re1 43. Rc7+ Kf8 44. Bf7 Re4 45. Bxd5 Rxd4 46. Bxc4 Rh4+ 47. Kg1 Re4 48. e6 Re1+ 49. Kf2 Rb1 50. e7+ Ke8 51. Bd3 Rb2+ 52. Kg1 Rb6 53. Be2 Rb1+ 54. Kh2 1-0

[Event "Pontevedra op 4th"]
[Site "Pontevedra"]
[Date "2015.12.26"]
[Round "1"]
[White "Oratovsky, Michael"]
[Black "Ferreno Sanmartin, Angel"]
[Result "1-0"]
[WhiteElo "2501"]
[BlackElo "1771"]
[PlyCount "53"]
[EventDate "2015.12.26"]
[EventType "swiss"]
[EventRounds "9"]
[EventCountry "ESP"]
[SourceTitle "CBM 170 Extra"]
[Source "ChessBase"]
[SourceDate "2016.02.25"]
[SourceVersion "1"]
[SourceVersionDate "2016.02.25"]
[SourceQuality "1"]

1. e4 c5 2. Nf3 Nc6 3. Bb5 e6 4. Bxc6 dxc6 5. d3 Be7 6. e5 Qc7 7. Nc3 b6 8. Qe2 Bb7 9. a4 0-0-0 10. a5 h5 11. Bg5 Nh6 12. Ne4 Nf5 13. c3 Bxg5 14. Nexg5 bxa5 15. 0-0 Rd5 16. c4 Rd7 17. Ne4 Nd4 18. Nxd4 cxd4 19. Nc5 Rdd8 20. Qe1 Kb8 21. Rxa5 h4 22. Ra4 Rh5 23. Rb4 Rxe5 24. Rxb7+ Qxb7 25. Qxe5+ Qc7 26. Na6+ Ka8 27. Qxc7 1-0